000 00324nam a22001337a 4500
003 SGT
020 _a9789383962075
082 _a891.4309
_bR15K
100 _aकुमार, विनोद
245 _aरेड जोन
260 _bअनुज्ञा बुक्स
_c2015
300 _a400
942 _2ddc
_cBK
999 _c30954
_d30954